| 000 | 01439cam a22004094i 4500 | ||
|---|---|---|---|
| 003 | PE-LiUPU | ||
| 005 | 20250731173004.0 | ||
| 008 | 150623s r 000 0 d | ||
| 035 | _a(Sirsi) a21992 | ||
| 040 |
_aPE-LiUPU _bspa _cPE-LiUPU _erda |
||
| 082 | 0 | 4 |
_a234.107 _bN14 _221 |
| 100 | 1 |
_aNaden, Roy C., _eautor. |
|
| 245 | 1 | 0 |
_aYour spiritual gifts : _bmaking the great discovery / _cRoy C. Naden. |
| 264 | 1 |
_aBerrien Springs, Michigan : _bInstructional Product Development, _c1989. |
|
| 300 |
_a159 páginas ; _c22 cm. |
||
| 336 |
_atext _2rdacontent |
||
| 337 |
_aunmediated _2rdamedia |
||
| 338 |
_avolume _2rdacarrier |
||
| 505 | 0 | _aThe contextualization of spiritual gifts. -The six clusters of spiritual gifts. -Using your gifts and your local church. | |
| 526 | _aSEG42 | ||
| 526 | _aSEG41 | ||
| 526 | _aSEG40 | ||
| 526 | _aSEG39 | ||
| 526 | _aP94 | ||
| 526 | _aP87 | ||
| 526 | _aP86 | ||
| 526 | _aP85 | ||
| 526 | _aP77 | ||
| 526 | _aP76 | ||
| 526 | _aP35 | ||
| 650 | 0 | 4 |
_aDones espirituales. _91203 |
| 942 |
_2ddc _cBOOK |
||
| 949 |
_a234.107 N14 _wDEWEY _c1 _i45643 _lCCODEBUL1 _mBUL _p00.00 _r0 _sY _tBOOK _u2015-06-24 _xTEOLOGIA _PP35 _0COMPRA _o.STAFF. Colección General |
||
| 596 | _a1 | ||
| 999 |
_a234.107 N14 _wDEWEY _c22516 _i45643 _d22516 _f2021-11-10 _g6 _lCCODEBUL1 _mBUL _q3 _r0 _sY _tBOOK _u2015-6-24 _xTEOLOGIA _PP35 _0COMPRA _o.STAFF. Colección General |
||
| 980 |
_81 _gALBERTO SANCHEZ Responsable de Automatización |
||